00293nam a2200121Ia 45000030006000000050017000060080041000230400009000640410012000730820018000851000022001032450046001250Nust20170105110303.0161124s9999 xx 000 0 und d cIGIS aEnglish a624.1762bPRA aShamshair Parkash aSpatial Databases with application to GIS